| 000 | 00546nam a2200181 a 4500 | ||
|---|---|---|---|
| 001 | 000040651 | ||
| 005 | 20201002034259.0 | ||
| 008 | 130904s2012 sp a 000 0 spa d | ||
| 020 | _a9788449315312 | ||
| 040 |
_aDO-SdBNP _bspa _cBNPHU |
||
| 082 |
_axxxx _bxxxx |
||
| 100 | 1 |
_aCosta, Joan _961368 |
|
| 245 | 1 | 3 |
_aLa imagen de marca. : _bun fenómeno social / _cJoan Costa. |
| 260 |
_aBarcelona, : _bPaidós, _c2012. |
||
| 300 |
_a200 p. : _bil. ; _c23 cm. |
||
| 500 | _aLa biblioteca posee la 5ta. reimpresión | ||
| 504 | _aBibliografía p: 199-200 | ||
| 999 |
_c40141 _d40141 |
||